[Event "XXXIII Festival A"]
[Site "Arco ITA"]
[Date "2011.10.26"]
[Round "5"]
[White "Nicolodi, Raoul"]
[Black "Menon, Michele"]
[Result "1-0"]
[WhiteElo "1983"]
[BlackElo "1776"]
[PlyCount "69"]
[EventDate "2011.10.22"]

1. Nf3 d6 2. c4 Nf6 3. g3 e5 4. Bg2 Be7 5. Nc3 c6 6. O-O O-O 7. d3 Nbd7 8. b4
a5 9. b5 Nc5 10. Ba3 Ne6 11. Nh4 Nd4 12. e3 cxb5 13. cxb5 Ne6 14. Nf5 Nc5 15.
Nxe7+ Qxe7 16. d4 exd4 17. exd4 Ne6 18. Re1 Qc7 19. Rc1 Qb6 20. Na4 Qd8 21. f4
Rb8 22. b6 g6 23. d5 Ng7 24. Bb2 Nf5 25. g4 Nxg4 26. Qxg4 Bd7 27. Rc7 Bxa4 28.
Qh3 h6 29. Qc3 f6 30. Bh3 Rf7 31. Bxf5 gxf5 32. Qg3+ Kf8 33. Qg6 Be8 34. Qxh6+
Kg8 35. Kh1 1-0

[Event "XXXIII Festival A"]
[Site "Arco ITA"]
[Date "2011.10.26"]
[Round "5"]
[White "Paehtz, Thomas sr"]
[Black "Huss, Rolf"]
[Result "1-0"]
[WhiteElo "2437"]
[BlackElo "2163"]
[PlyCount "59"]
[EventDate "2011.10.22"]

1. d4 f5 2. Nf3 Nf6 3. g3 d6 4. c4 g6 5. Bg2 Bg7 6. O-O O-O 7. Nc3 Qe8 8. b3 e5
9. dxe5 dxe5 10. e4 Na6 11. Ba3 Rf7 12. exf5 gxf5 13. Qe2 e4 14. Ng5 Rd7 15.
Rad1 Ng4 16. Nd5 c6 17. Ne3 Qg6 18. Nh3 Ne5 19. Nf4 Qf7 20. f3 exf3 21. Bxf3
Nxf3+ 22. Qxf3 Bd4 23. Ne2 Bb6 24. Kg2 Rxd1 25. Rxd1 Qe8 26. Nd4 Qe4 27. Ndxf5
Bxf5 28. Nxf5 Re8 29. Rd7 Nc5 30. Nh6+ 1-0

[Event "XXXIII Festival A"]
[Site "Arco ITA"]
[Date "2011.10.26"]
[Round "5"]
[White "Pegoraro, Nicola"]
[Black "Panjkovic, Aleksandar"]
[Result "1/2-1/2"]
[WhiteElo "2044"]
[BlackElo "2187"]
[PlyCount "36"]
[EventDate "2011.10.22"]

1. e4 d6 2. d4 Nf6 3. Nc3 g6 4. f3 c6 5. Be3 b5 6. Qd2 Nbd7 7. Nh3 Bb7 8. Be2
Bg7 9. O-O O-O 10. Nf2 a6 11. Bh6 e5 12. Bxg7 Kxg7 13. Rad1 Re8 14. f4 b4 15.
Nb1 Qb6 16. Kh1 c5 17. fxe5 dxe5 18. d5 a5 1/2-1/2

[Event "XXXIII Festival A"]
[Site "Arco ITA"]
[Date "2011.10.26"]
[Round "5"]
[White "Pieri, Enzo"]
[Black "Cavatorta, Fosco"]
[Result "0-1"]
[WhiteElo "1729"]
[BlackElo "1905"]
[PlyCount "52"]
[EventDate "2011.10.22"]

1. d4 d6 2. c4 e5 3. Nf3 e4 4. Ng5 f5 5. g3 Be7 6. Nh3 Nf6 7. Nc3 c6 8. Bg2 O-O
9. O-O a5 10. d5 Na6 11. a3 Nc7 12. Nf4 g5 13. Nh3 h6 14. f4 g4 15. Nf2 b5 16.
dxc6 bxc4 17. Be3 Rb8 18. Bd4 Ne6 19. Bxf6 Bxf6 20. Nd5 Rxb2 21. Nxf6+ Qxf6 22.
Qxd6 Rd8 23. Qe5 Qxe5 24. fxe5 Rdd2 25. Nxe4 fxe4 26. Bxe4 Ng5 0-1

[Event "XXXIII Festival A"]
[Site "Arco ITA"]
[Date "2011.10.26"]
[Round "5"]
[White "Prelati, Maurizio"]
[Black "Buglisi, Massimo"]
[Result "1/2-1/2"]
[WhiteElo "2012"]
[BlackElo "1887"]
[PlyCount "42"]
[EventDate "2011.10.22"]

1. e4 c5 2. Nc3 Nc6 3. f4 g6 4. Nf3 Bg7 5. Bb5 Nd4 6. O-O Nxb5 7. Nxb5 a6 8.
Nc3 e6 9. Qe1 Ne7 10. d3 O-O 11. Qf2 b6 12. Ne2 d5 13. e5 f6 14. Qg3 Qc7 15.
exf6 Bxf6 16. h4 Nf5 17. Qh2 Nh6 18. c3 Ng4 19. Qg3 e5 20. fxe5 Nxe5 21. Kh1
Qg7 1/2-1/2

[Event "XXXIII Festival A"]
[Site "Arco ITA"]
[Date "2011.10.26"]
[Round "5"]
[White "Pretto, Aldo"]
[Black "Badano, Fabio"]
[Result "1-0"]
[WhiteElo "1732"]
[BlackElo "1741"]
[PlyCount "117"]
[EventDate "2011.10.22"]

1. c4 c5 2. g3 Nf6 3. Bg2 g6 4. Nc3 Bg7 5. d3 O-O 6. e3 d6 7. Nge2 Nc6 8. O-O
e5 9. Nd5 Ne8 10. Rb1 f5 11. f4 Be6 12. b3 Nf6 13. Nec3 Rc8 14. Bb2 Ne7 15.
Nxe7+ Qxe7 16. Qe2 Kh8 17. Kh1 Bd7 18. Nd5 Nxd5 19. cxd5 exf4 20. Bxg7+ Qxg7
21. gxf4 Bb5 22. a4 Ba6 23. Qd2 Rfe8 24. Rfe1 b6 25. e4 fxe4 26. Bxe4 Qd4 27.
f5 Rxe4 28. Rxe4 Qxd3 29. Qb2+ Kg8 30. Rbe1 Qxd5 31. Kg1 Qxf5 32. Qf2 Qg5+ 33.
Qg3 Qxg3+ 34. hxg3 Rf8 35. Rd1 d5 36. Re7 Rf3 37. Rxd5 Rf1+ 38. Kg2 Rf7 39.
Rxf7 Kxf7 40. Rd7+ Ke6 41. Rxh7 Bd3 42. Rxa7 Kd6 43. a5 bxa5 44. Rxa5 Kc6 45.
Kf2 Kb6 46. Ra2 Kb5 47. Ke3 Bf5 48. Ra8 Kb4 49. Rb8+ Kc3 50. Rb5 Be6 51. Rxc5+
Kxb3 52. Kf4 Kb4 53. Rc6 Bf5 54. Kg5 Be4 55. Rxg6 Kc5 56. Rf6 Kd5 57. Kf4 Bh7
58. g4 Bg8 59. g5 1-0

[Event "XXXIII Festival A"]
[Site "Arco ITA"]
[Date "2011.10.26"]
[Round "5"]
[White "Qendro, Llambi"]
[Black "Kierzek, Matthias"]
[Result "1/2-1/2"]
[WhiteElo "2342"]
[BlackElo "2152"]
[PlyCount "29"]
[EventDate "2011.10.22"]

1. d4 d5 2. c4 e6 3. cxd5 exd5 4. Nc3 c6 5. Nf3 Bf5 6. a3 Nf6 7. Bg5 Be7 8. e3
Nbd7 9. Bd3 Bxd3 10. Qxd3 a5 11. O-O O-O 12. b3 Ne4 13. Bxe7 Qxe7 14. Nd2 f5
15. f3 1/2-1/2

[Event "XXXIII Festival A"]
[Site "Arco ITA"]
[Date "2011.10.26"]
[Round "5"]
[White "Rivara, Massimo"]
[Black "Beltrami, Nerio"]
[Result "1-0"]
[WhiteElo "1834"]
[BlackElo "1961"]
[PlyCount "53"]
[EventDate "2011.10.22"]

1. e4 d6 2. d4 Nf6 3. Nc3 g6 4. f4 Bg7 5. Nf3 O-O 6. Bd3 Nc6 7. e5 dxe5 8. fxe5
Nh5 9. Ne2 Bg4 10. c3 Bxf3 11. gxf3 e6 12. h4 Qe7 13. Be3 Rad8 14. f4 f6 15.
exf6 Nxf6 16. Qd2 Nd5 17. O-O-O Nxe3 18. Qxe3 Bh6 19. h5 Qd6 20. hxg6 Bxf4 21.
Nxf4 Qxf4 22. Qxf4 Rxf4 23. Rxh7 Rf3 24. Rxc7 Rg3 25. Be4 Rd6 26. Rxb7 Na5 27.
Rc7 1-0

[Event "XXXIII Festival A"]
[Site "Arco ITA"]
[Date "2011.10.26"]
[Round "5"]
[White "Romanishin, Oleg M."]
[Black "Kasparov, Sergey"]
[Result "1/2-1/2"]
[WhiteElo "2537"]
[BlackElo "2521"]
[PlyCount "43"]
[EventDate "2011.10.22"]

1. Nf3 Nf6 2. c4 c5 3. g3 b6 4. Bg2 Bb7 5. O-O e6 6. Nc3 d6 7. d4 cxd4 8. Qxd4
a6 9. Rd1 Be7 10. Bg5 Nbd7 11. Qd2 O-O 12. Bf4 Ne8 13. Rac1 Rc8 14. b3 h6 15.
Ne1 Bxg2 16. Nxg2 Rc6 17. Ne1 Qc8 18. Nc2 Qb7 19. Qd3 Rc8 20. Qe4 Qb8 21. Nd4
Nef6 22. Qg2 1/2-1/2

[Event "XXXIII Festival A"]
[Site "Arco ITA"]
[Date "2011.10.26"]
[Round "5"]
[White "Sparber, Werner"]
[Black "Alagia, Pietro"]
[Result "1-0"]
[WhiteElo "1788"]
[BlackElo "1763"]
[PlyCount "57"]
[EventDate "2011.10.22"]

1. d4 d5 2. c4 c6 3. e3 g6 4. Nc3 Bg7 5. Nf3 Nf6 6. Bd3 O-O 7. O-O Nbd7 8. cxd5
cxd5 9. Bd2 b6 10. Rc1 Bb7 11. Qe2 Ne4 12. Nb5 Nxd2 13. Nxd2 e5 14. dxe5 Bxe5
15. Nf3 Bxb2 16. Qxb2 Ba6 17. Be2 Nc5 18. Nbd4 Bd3 19. Qa3 Be4 20. Nd2 Qg5 21.
Nxe4 dxe4 22. Rfd1 Rfe8 23. Nb3 Ne6 24. Bc4 Ng7 25. Rd7 Rf8 26. Nd4 Nh5 27. Qe7
Qa5 28. Bxf7+ Kh8 29. Bxg6 1-0

[Event "XXXIII Festival A"]
[Site "Arco ITA"]
[Date "2011.10.26"]
[Round "5"]
[White "Sukaylo, Aleksey"]
[Black "Giancotti, Eraldo"]
[Result "0-1"]
[WhiteElo "1884"]
[BlackElo "2073"]
[PlyCount "96"]
[EventDate "2011.10.22"]

1. e4 d6 2. d4 g6 3. Nc3 c6 4. f4 d5 5. e5 h5 6. Nf3 Bg4 7. Be3 Nh6 8. h3 Bxf3
9. Qxf3 e6 10. g4 Qa5 11. O-O-O b5 12. Kb1 Nd7 13. Bd3 Nb6 14. f5 gxf5 15. Bxh6
Rxh6 16. gxf5 Nc4 17. fxe6 fxe6 18. Bg6+ Kd7 19. Rhg1 Qb4 20. b3 Rb8 21. Ne2
Qa3 22. Qc3 Bb4 23. Qa1 Nd2+ 24. Rxd2 Bxd2 25. Bd3 Rf8 26. Qb2 Qe7 27. c4 Be3
28. Rd1 a6 29. cxb5 cxb5 30. a4 Qb4 31. axb5 axb5 32. Nc3 Bxd4 33. Bxb5+ Qxb5
34. Rxd4 Rf1+ 35. Kc2 Qc5 36. Rd2 Ke7 37. b4 Qc4 38. Qa3 Rg6 39. b5+ Kf7 40.
Kb2 Rg3 41. Qa7+ Kg6 42. Qd4 Qxd4 43. Rxd4 Rf2+ 44. Kb1 Rxc3 45. h4 Rb3+ 46.
Ka1 Rxb5 47. Rg4+ hxg4 48. h5+ Kf5 0-1

[Event "XXXIII Festival A"]
[Site "Arco ITA"]
[Date "2011.10.26"]
[Round "5"]
[White "Valenti, Giuseppe"]
[Black "Dalla Vecchia, Paolo"]
[Result "1-0"]
[WhiteElo "2136"]
[BlackElo "1916"]
[PlyCount "47"]
[EventDate "2011.10.22"]

1. f4 d5 2. Nf3 Nf6 3. e3 Bg4 4. Be2 Bxf3 5. Bxf3 e6 6. b3 Nbd7 7. Bb2 c6 8. c4
Bd6 9. cxd5 exd5 10. O-O O-O 11. Nc3 d4 12. Ne2 dxe3 13. dxe3 Bc5 14. Nd4 Re8
15. Qd3 Qe7 16. Rfe1 Rad8 17. Qc2 Bxd4 18. Bxd4 c5 19. Bb2 Ne4 20. Rad1 Ndf6
21. Be5 Rxd1 22. Rxd1 Kf8 23. Bxe4 Nxe4 24. Qxe4 1-0

[Event "XXXIII Festival A"]
[Site "Arco ITA"]
[Date "2011.10.26"]
[Round "5"]
[White "Vezzosi, Paolo"]
[Black "Romagnoli, Roberto"]
[Result "1-0"]
[WhiteElo "2351"]
[BlackElo "2086"]
[PlyCount "119"]
[EventDate "2011.10.22"]

1. d4 d5 2. Nf3 Nf6 3. c4 e6 4. Nc3 Be7 5. Bg5 Nbd7 6. e3 O-O 7. Bd3 dxc4 8.
Bxc4 c6 9. O-O Nd5 10. Ne4 h6 11. Bxe7 Qxe7 12. Rc1 N5f6 13. Ng3 b6 14. e4 Bb7
15. e5 Nh7 16. Bd3 Rfd8 17. Be4 Rdc8 18. Rc3 Nhf8 19. Qc2 Nb8 20. Rc1 Qd8 21.
Nh5 Rc7 22. b4 b5 23. a4 a6 24. a5 Qe7 25. Rb1 Rd7 26. h4 Ra7 27. Qe2 Ba8 28.
Qe3 Ng6 29. g3 Rac7 30. Nh2 c5 31. dxc5 Bxe4 32. Qxe4 Rd5 33. f4 Nc6 34. Nf3
Rcd7 35. Kg2 Qd8 36. Re1 Nge7 37. g4 Rd3 38. Rxd3 Rxd3 39. f5 Qd5 40. f6 Qxe4
41. Rxe4 gxf6 42. Nxf6+ Kf8 43. h5 Rb3 44. g5 Nf5 45. gxh6 Nxh6 46. Nd4 Rb2+
47. Kh3 Nxb4 48. c6 Rb1 49. c7 Rc1 50. Ne2 Rxc7 51. Rxb4 Rc2 52. Ng3 Rc3 53.
Kh4 Re3 54. Rd4 Ra3 55. Rd8+ Kg7 56. Ne8+ Kf8 57. Nf6+ Kg7 58. Nge4 Ra1 59. Ra8
Rxa5 60. Kg5 1-0

[Event "XXXIII Festival A"]
[Site "Arco ITA"]
[Date "2011.10.26"]
[Round "5"]
[White "Virzi, Ettore"]
[Black "Iacchetti, Giovanni"]
[Result "1-0"]
[WhiteElo "1951"]
[BlackElo "1814"]
[PlyCount "80"]
[EventDate "2011.10.22"]

1. e4 d6 2. d4 Nf6 3. Nc3 g6 4. Be3 a6 5. Bd3 b5 6. a4 b4 7. Nce2 a5 8. Nf3 Bg7
9. h3 Nbd7 10. Qd2 Bb7 11. Ng3 O-O 12. O-O Rc8 13. e5 dxe5 14. dxe5 Nd5 15. Bh6
Nxe5 16. Nxe5 Bxe5 17. Bxf8 Qxf8 18. Be4 Rd8 19. Rad1 Bxb2 20. Bxd5 e6 21. Bxb7
Rxd2 22. Rxd2 Qc5 23. Ba6 Qb6 24. Bb5 c5 25. Rfd1 Bd4 26. Ne4 Kg7 27. Rd3 f5
28. Nd2 e5 29. Nc4 Qd8 30. Nxe5 Qh4 31. Nf3 Qxf2+ 32. Kh1 Qxc2 33. Nxd4 cxd4
34. Rxd4 b3 35. R4d2 Qc3 36. Bd3 Qb4 37. Rb2 Qxa4 38. Rdb1 Qd4 39. Rxb3 a4 40.
Ra3 f4 1-0

[Event "XXXIII Festival A"]
[Site "Arco ITA"]
[Date "2011.10.26"]
[Round "5"]
[White "Von Wantoch, Markus"]
[Black "De Santis, Alessio"]
[Result "1/2-1/2"]
[WhiteElo "1923"]
[BlackElo "2307"]
[PlyCount "71"]
[EventDate "2011.10.22"]

1. Nc3 b6 2. e4 Bb7 3. d4 e6 4. Nf3 d6 5. Bd3 Nd7 6. O-O g6 7. Bg5 Ne7 8. e5 d5
9. Ne2 h6 10. Bd2 c5 11. c3 Bg7 12. b4 c4 13. Bc2 b5 14. a4 a6 15. g4 Bc6 16.
a5 Qc7 17. h4 O-O-O 18. Nf4 Rdg8 19. Kg2 g5 20. hxg5 hxg5 21. Nh5 Nxe5 22. Nxg5
Nd3 23. Bxd3 cxd3 24. f4 Ng6 25. Qe1 Bf8 26. Qf2 Bd7 27. Nf6 Nh4+ 28. Kg3 Rxg5
29. Rh1 Bg7 30. Nxd7 Kxd7 31. Rxh4 Rxh4 32. Kxh4 Rg6 33. Kh3 Rh6+ 34. Kg2 Rh8
35. Qf3 Qd8 36. Qxd3 1/2-1/2

[Event "XXXIII Festival A"]
[Site "Arco ITA"]
[Date "2011.10.26"]
[Round "5"]
[White "Webel, Jannik"]
[Black "Negro, Raffaele"]
[Result "0-1"]
[WhiteElo "1776"]
[BlackElo "1915"]
[PlyCount "62"]
[EventDate "2011.10.22"]

1. d4 d5 2. c4 c6 3. Nc3 Nf6 4. cxd5 cxd5 5. Qc2 Nc6 6. Bf4 a6 7. e3 e6 8. a3
Nh5 9. Bg3 g6 10. Bd3 Bg7 11. Nge2 Nxg3 12. Nxg3 O-O 13. O-O Bd7 14. Rfc1 Re8
15. b4 b5 16. Qb2 e5 17. dxe5 Nxe5 18. Be2 h5 19. Qd2 h4 20. Nf1 Be6 21. e4 Nc4
22. Bxc4 dxc4 23. Ra2 Qd3 24. a4 Bxc3 25. Qxc3 Qxe4 26. axb5 axb5 27. Ra5 Qc6
28. Ne3 h3 29. gxh3 Bxh3 30. Nd5 Qxd5 31. Qxh3 Qg5+ 0-1

[Event "XXXIII Festival A"]
[Site "Arco ITA"]
[Date "2011.10.27"]
[Round "6"]
[White "Beltrami, Nerio"]
[Black "Stolfa, Rodolfo"]
[Result "1-0"]
[WhiteElo "1961"]
[BlackElo "1812"]
[PlyCount "61"]
[EventDate "2011.10.22"]

1. e4 e5 2. Nf3 Nc6 3. Bb5 d6 4. c3 Nf6 5. d3 Be7 6. O-O Bd7 7. Nbd2 O-O 8. Re1
Nb8 9. Bxd7 Nfxd7 10. d4 c5 11. dxe5 dxe5 12. Nc4 Qc7 13. Be3 Nc6 14. Qc2 b5
15. Ncd2 a5 16. a4 bxa4 17. Rxa4 Nb6 18. Ra2 a4 19. Rea1 Ra7 20. Qd3 Rd8 21.
Qe2 Na5 22. b3 Rda8 23. bxa4 f6 24. Ne1 Rc8 25. Nc2 c4 26. Bxb6 Qxb6 27. Ne3
Nb3 28. Nd5 Qc5 29. Rb1 Bd6 30. Nxb3 Rb8 31. Nd2 1-0

[Event "XXXIII Festival A"]
[Site "Arco ITA"]
[Date "2011.10.27"]
[Round "6"]
[White "Bevilacqua, Maurizio"]
[Black "Del Monaco, Andrea"]
[Result "0-1"]
[WhiteElo "2147"]
[BlackElo "2315"]
[PlyCount "80"]
[EventDate "2011.10.22"]

1. d4 Nf6 2. Nf3 e6 3. c4 Bb4+ 4. Nbd2 b6 5. e3 Bb7 6. Bd3 O-O 7. O-O d5 8. a3
Be7 9. Qc2 c5 10. b3 cxd4 11. exd4 Nc6 12. Bb2 Rc8 13. Qb1 h6 14. Re1 Rc7 15.
Bc3 Qa8 16. Qb2 Rd8 17. Re3 Rcd7 18. Bf1 Bf8 19. h3 g6 20. Rae1 Bg7 21. Ne5
Nxe5 22. Rxe5 Nh5 23. c5 bxc5 24. Nf3 c4 25. b4 Nf6 26. Nd2 Ne4 27. Nxe4 dxe4
28. Bxc4 Bxe5 29. dxe5 e3 30. f3 Rd2 31. Bxd2 Rxd2 32. Qc3 Bxf3 33. Rxe3 Rxg2+
34. Kf1 Bd5 35. Be2 Qd8 36. Bf3 Rg5 37. Qd3 Rf5 38. Kg1 Qg5+ 39. Kh2 Qf4+ 40.
Kg2 Rg5+ 0-1

[Event "XXXIII Festival A"]
[Site "Arco ITA"]
[Date "2011.10.27"]
[Round "6"]
[White "Bonanzinga, Corrado"]
[Black "Virzi, Ettore"]
[Result "1-0"]
[WhiteElo "2136"]
[BlackElo "1951"]
[PlyCount "37"]
[EventDate "2011.10.22"]

1. d4 Nf6 2. c4 g6 3. Nc3 d5 4. cxd5 Nxd5 5. Bd2 Nb6 6. Bg5 Bg7 7. Nf3 Nc6 8.
e3 O-O 9. Be2 Bf5 10. O-O Qd7 11. Rc1 e5 12. d5 Nb4 13. e4 Bg4 14. Nxe5 Bxe2
15. Nxd7 Bxd1 16. Nxb6 Nxa2 17. Nxa8 Nxc1 18. Bxc1 Bxc3 19. bxc3 1-0

[Event "XXXIII Festival A"]
[Site "Arco ITA"]
[Date "2011.10.27"]
[Round "6"]
[White "Bondielli, Giorgio"]
[Black "Casagrande, Fabio"]
[Result "1-0"]
[WhiteElo "1885"]
[BlackElo "1991"]
[PlyCount "53"]
[EventDate "2011.10.22"]

1. e4 e6 2. d4 d5 3. e5 c5 4. c3 Qb6 5. Nf3 Bd7 6. Be2 cxd4 7. cxd4 Bb5 8. O-O
Bxe2 9. Qxe2 Nc6 10. Be3 Nh6 11. Nc3 Nf5 12. Rfd1 Be7 13. a3 Nxe3 14. fxe3 Rc8
15. Rac1 O-O 16. b4 Qd8 17. Rc2 f6 18. Rdc1 fxe5 19. dxe5 d4 20. Rd1 Qb6 21.
exd4 Rxf3 22. Na4 Nxd4 23. Rxc8+ Bf8 24. Nxb6 Nxe2+ 25. Kh1 Rf5 26. Nd7 Nc3 27.
Rxc3 1-0

[Event "XXXIII Festival A"]
[Site "Arco ITA"]
[Date "2011.10.27"]
[Round "6"]
[White "Bortolotti, Silvano"]
[Black "Blasco, Domenico"]
[Result "1/2-1/2"]
[WhiteElo "1771"]
[BlackElo "1965"]
[PlyCount "74"]
[EventDate "2011.10.22"]

1. e4 g6 2. Nc3 Bg7 3. f4 c5 4. Nf3 Nc6 5. Bb5 Nd4 6. a4 e6 7. O-O Ne7 8. Nxd4
cxd4 9. Ne2 O-O 10. Bc4 d5 11. exd5 Nxd5 12. d3 b6 13. Rf3 Bb7 14. Rh3 Rc8 15.
Ng3 Qc7 16. Qg4 Nf6 17. Qe2 Bd5 18. b3 Rfe8 19. Bd2 Bb7 20. Re1 Nd5 21. Qf2
Red8 22. Ne4 Nf6 23. Ng5 Bd5 24. Qh4 h6 25. Nf3 Bxf3 26. Rxf3 h5 27. h3 Qc5 28.
b4 Qc6 29. Bb3 Qd6 30. g4 hxg4 31. hxg4 Nd5 32. f5 exf5 33. gxf5 Bf6 34. Qh6
Bg7 35. Qh4 Bf6 36. Qh6 Bg7 37. Qh4 Bf6 1/2-1/2

[Event "XXXIII Festival A"]
[Site "Arco ITA"]
[Date "2011.10.27"]
[Round "6"]
[White "Bottesi, Gianluca"]
[Black "Helbig, Dieter"]
[Result "1/2-1/2"]
[WhiteElo "1674"]
[BlackElo "1877"]
[PlyCount "82"]
[EventDate "2011.10.22"]

1. c4 e5 2. g3 Nf6 3. Bg2 Be7 4. Nc3 c6 5. e4 O-O 6. Nge2 d6 7. O-O Be6 8. d3
Qc8 9. f4 Bh3 10. f5 Bxg2 11. Kxg2 h6 12. g4 Nxg4 13. Ng3 Nf6 14. Nh5 Nbd7 15.
Nxf6+ Nxf6 16. Kh1 Kh7 17. Rg1 Rg8 18. Qf3 Qf8 19. Rg3 Kh8 20. Rh3 Nh7 21. Ne2
Bg5 22. Qg2 Qe7 23. Bxg5 Nxg5 24. Rg3 g6 25. h4 Nh7 26. Rg1 Raf8 27. fxg6 Rxg6
28. Qh3 Rfg8 29. Rxg6 Rxg6 30. Ng3 Qd8 31. Nf5 d5 32. Rxg6 fxg6 33. Nxh6 Qf8
34. Ng4 Qf4 35. cxd5 cxd5 36. exd5 e4 37. dxe4 Qxe4+ 38. Qg2 Qe1+ 39. Kh2 Qxh4+
40. Kg1 Qe7 41. Qf3 Qe1+ 1/2-1/2

[Event "XXXIII Festival A"]
[Site "Arco ITA"]
[Date "2011.10.27"]
[Round "6"]
[White "Buglisi, Massimo"]
[Black "Giuriato, Sergio"]
[Result "1/2-1/2"]
[WhiteElo "1887"]
[BlackElo "1961"]
[PlyCount "40"]
[EventDate "2011.10.22"]

1. d4 d5 2. c4 e6 3. Nc3 Nf6 4. cxd5 exd5 5. Bg5 c6 6. e3 Be7 7. Qc2 O-O 8. Bd3
Nbd7 9. Nge2 Re8 10. O-O Nf8 11. Rab1 Ng6 12. b4 a6 13. a4 Ne4 14. Bxe7 Qxe7
15. Bxe4 dxe4 16. b5 axb5 17. axb5 Qe6 18. bxc6 bxc6 19. Rb6 Qc4 20. Qb3 Qxb3
1/2-1/2

[Event "XXXIII Festival A"]
[Site "Arco ITA"]
[Date "2011.10.27"]
[Round "6"]
[White "Cavatorta, Fosco"]
[Black "Kierzek, Mira"]
[Result "1/2-1/2"]
[WhiteElo "1905"]
[BlackElo "2023"]
[PlyCount "107"]
[EventDate "2011.10.22"]

1. d4 Nf6 2. Nf3 g6 3. Nc3 d5 4. Bf4 c6 5. h3 Bg7 6. e3 O-O 7. Be2 Nbd7 8. Ne5
Nxe5 9. Bxe5 Qb6 10. Na4 Qa5+ 11. c3 Nd7 12. Bxg7 Kxg7 13. O-O e5 14. b4 Qc7
15. dxe5 Nxe5 16. Qd4 Kg8 17. Nc5 b6 18. Nd3 f6 19. Nf4 Kg7 20. a4 Rd8 21. a5
b5 22. Rfd1 Nf7 23. Qc5 Qd6 24. Qxd6 Nxd6 25. Bd3 f5 26. Ne2 Bd7 27. Nd4 Rac8
28. Nb3 Kf6 29. Nc5 Be8 30. g3 Bf7 31. h4 h6 32. Kg2 Ne4 33. Bxe4 dxe4 34. Nb7
Rd5 35. Rxd5 Bxd5 36. Rd1 Rh8 37. Nc5 Rh7 38. Rd4 Ke5 39. Rd2 g5 40. Kh2 gxh4
41. gxh4 Rg7 42. Rd1 Rg4 43. Kh3 h5 44. Nd7+ Ke6 45. Nf8+ Kd6 46. Nh7 Ke5 47.
Ng5 a6 48. Re1 Kd6 49. Rd1 Ke7 50. Rf1 Kf6 51. Rd1 Ke5 52. Re1 Kf6 53. Rd1 Ke5
54. Re1 1/2-1/2

[Event "XXXIII Festival A"]
[Site "Arco ITA"]
[Date "2011.10.27"]
[Round "6"]
[White "Chiarion, Elisa"]
[Black "Lezzerini, Marco"]
[Result "1/2-1/2"]
[WhiteElo "2012"]
[BlackElo "1797"]
[PlyCount "60"]
[EventDate "2011.10.22"]

1. e4 d6 2. d4 Nf6 3. Nc3 g6 4. f4 Bg7 5. Nf3 c5 6. d5 O-O 7. Bc4 b5 8. Bxb5
Nxe4 9. Bd2 Nxc3 10. bxc3 Qa5 11. Bd3 Bxc3 12. O-O c4 13. Bxc3 Qxc3 14. Be2
Qe3+ 15. Kh1 Qxf4 16. Nd4 Qg5 17. Bxc4 Nd7 18. Nc6 Bb7 19. Na5 Nb6 20. Nxb7
Nxc4 21. Rf3 Ne3 22. Qd2 Qxd5 23. Qxe3 Qxb7 24. Re1 e6 25. Rh3 Qb2 26. c3 h5
27. Rxh5 gxh5 28. Qg5+ Kh7 29. Qxh5+ Kg7 30. Qg5+ Kh7 1/2-1/2

[Event "XXXIII Festival A"]
[Site "Arco ITA"]
[Date "2011.10.27"]
[Round "6"]
[White "Coqueraut, Lodewyk"]
[Black "Bisignano, Giuseppe"]
[Result "0-1"]
[WhiteElo "1794"]
[BlackElo "1908"]
[PlyCount "82"]
[EventDate "2011.10.22"]

1. d4 Nf6 2. c4 e6 3. Nc3 c5 4. Nf3 cxd4 5. Nxd4 Nc6 6. e3 d6 7. Be2 Be7 8. Bf3
Bd7 9. O-O O-O 10. Ndb5 Be8 11. Qe2 Qb6 12. e4 Ne5 13. Be3 Qa5 14. a3 a6 15. b4
Qd8 16. Nd4 Rc8 17. b5 Rxc4 18. Rfc1 d5 19. exd5 Nxf3+ 20. Qxf3 Nxd5 21. Nxd5
exd5 22. bxa6 bxa6 23. Rcb1 Bf6 24. Rd1 Ba4 25. Rd2 Qc7 26. g3 Re8 27. Kg2 Re4
28. Bf4 Rxf4 29. gxf4 Rxd4 30. Rxd4 Bxd4 31. Rb1 Bb5 32. a4 Bd7 33. a5 Bf5 34.
Re1 Qd7 35. Kg1 Be4 36. Rxe4 dxe4 37. Qxe4 g6 38. Qa8+ Kg7 39. Qxa6 Qg4+ 40.
Kf1 Qxf4 41. Qe2 Qxh2 0-1

[Event "XXXIII Festival A"]
[Site "Arco ITA"]
[Date "2011.10.27"]
[Round "6"]
[White "Dalla Vecchia, Paolo"]
[Black "Karl, Hans"]
[Result "0-1"]
[WhiteElo "1916"]
[BlackElo "2201"]
[PlyCount "92"]
[EventDate "2011.10.22"]

1. d4 Nf6 2. Nf3 g6 3. Bg5 Bg7 4. Nbd2 d5 5. e3 O-O 6. Bd3 Nbd7 7. Qe2 b6 8. c3
Bb7 9. e4 dxe4 10. Nxe4 c5 11. O-O-O Qc7 12. Bxf6 exf6 13. Kb1 Rfe8 14. Qc2 c4
15. Bxc4 Bxe4 16. Bd3 f5 17. Nh4 Nf6 18. f3 Bxd3 19. Qxd3 Rad8 20. g3 Nd5 21.
Rhe1 Qd7 22. a3 b5 23. Kc2 a6 24. Kb1 Rxe1 25. Rxe1 Re8 26. Rxe8+ Qxe8 27. Ng2
Bh6 28. b3 Bf8 29. c4 Nb6 30. Kb2 Qe7 31. c5 Nd5 32. b4 Bg7 33. Nf4 Nxf4 34.
gxf4 Qd7 35. Kc3 Qd5 36. h4 h5 37. Qe3 Kf8 38. Qd3 Bf6 39. a4 bxa4 40. Qxa6
Qb3+ 41. Kd2 Qxb4+ 42. Ke2 Bxd4 43. Qc8+ Kg7 44. c6 Qc4+ 45. Kd2 a3 46. Qd7 a2
0-1

[Event "XXXIII Festival A"]
[Site "Arco ITA"]
[Date "2011.10.27"]
[Round "6"]
[White "De Simone Sorrentino, Fabio"]
[Black "Cottarelli, Franco"]
[Result "0-1"]
[WhiteElo "1705"]
[BlackElo "1842"]
[PlyCount "76"]
[EventDate "2011.10.22"]

1. e4 e5 2. Bc4 Nf6 3. d3 Bc5 4. Nc3 c6 5. Bg5 a5 6. a3 h6 7. Bh4 d6 8. Nge2
Bg4 9. h3 Bh5 10. O-O Nbd7 11. Qd2 Nxe4 12. Nxe4 Qxh4 13. Nxc5 Nxc5 14. Ng3 Bg6
15. b4 Ne6 16. bxa5 d5 17. Bb3 O-O 18. Rfe1 Qd4 19. Qb4 Nc5 20. Ne2 Qxb4 21.
axb4 Nxb3 22. cxb3 Bxd3 23. Nc1 Bb5 24. Rxe5 Rfe8 25. Rxe8+ Rxe8 26. Na2 d4 27.
Rd1 Re2 28. Nc1 Rc2 29. Nd3 Rc3 30. Nc5 d3 31. Rd2 Rc1+ 32. Kh2 Rc2 33. Rd1 Rb2
34. Kg3 g5 35. Kf3 f5 36. g3 Kf7 37. Ke3 h5 38. Rd2 f4+ 0-1

[Event "XXXIII Festival A"]
[Site "Arco ITA"]
[Date "2011.10.27"]
[Round "6"]
[White "Del Nevo, Claudio"]
[Black "Aigner, Georg"]
[Result "0-1"]
[WhiteElo "1831"]
[BlackElo "1988"]
[PlyCount "65"]
[EventDate "2011.10.22"]

1. d4 Nf6 2. Nf3 e6 3. Bg5 d5 4. e3 Nc6 5. c3 h6 6. Bh4 Bd6 7. Bd3 e5 8. dxe5
Nxe5 9. Nxe5 Bxe5 10. Qc2 Be6 11. Nd2 Bd6 12. O-O-O Be7 13. Bxf6 Bxf6 14. h3
O-O 15. Nf3 c5 16. Bf5 Qa5 17. Kb1 b5 18. g4 b4 19. Bxe6 fxe6 20. c4 b3 21.
axb3 Rab8 22. cxd5 Rb6 23. Qc4 Rb4 24. Qd3 c4 25. Qe4 cxb3 26. Qxe6+ Kh8 27.
Rd4 Bxd4 28. Nxd4 Qa2+ 29. Kc1 Qa1+ 30. Kd2 Qxh1 31. Nf5 Rc4 32. Qe7 Qxd5+ 33.
Ke2 0-1

[Event "XXXIII Festival A"]
[Site "Arco ITA"]
[Date "2011.10.27"]
[Round "6"]
[White "Eschweiler, Markus"]
[Black "Sigillo, Carmelo"]
[Result "0-1"]
[WhiteElo "1548"]
[BlackElo "1773"]
[PlyCount "109"]
[EventDate "2011.10.22"]

1. c4 g6 2. Nc3 Bg7 3. d4 d6 4. e4 Nf6 5. Nf3 O-O 6. Be3 Ng4 7. Bf4 e5 8. dxe5
Nxe5 9. Nxe5 dxe5 10. Qxd8 Rxd8 11. Be3 c6 12. Be2 Be6 13. O-O Nd7 14. Rfd1 Nf6
15. Rxd8+ Rxd8 16. Bxa7 Rd2 17. Kf1 Rxb2 18. Nd1 Rd2 19. f3 Nh5 20. Ke1 Bh6 21.
Be3 Bxe3 22. Nxe3 Rb2 23. g3 Nf6 24. a4 Nd7 25. Kd1 Nc5 26. a5 Nb3 27. Ra3 Nd4
28. Bd3 Nxf3 29. h4 h5 30. Kc1 Rh2 31. a6 bxa6 32. Rxa6 Nd4 33. c5 Nb3+ 34. Kb1
Nxc5 35. Ra8+ Kg7 36. Bc2 Re2 37. Ra5 Nd7 38. Nd1 Rg2 39. Ra3 Nf6 40. Rc3 Re2
41. Re3 Rxe3 42. Nxe3 Ng4 43. Nf1 f5 44. Kc1 f4 45. gxf4 exf4 46. Kd2 Kf6 47.
Ke2 Bc4+ 48. Kf3 Bxf1 49. Kxf4 c5 50. Ba4 c4 51. e5+ Nxe5 52. Ke3 Kf5 53. Kf2
Bd3 54. Bd1 c3 55. Ke3 0-1